000 03722nam a22004337a 4500
008 090120t xxu||||| |||| 00| 0 eng d
010 _aB-344102-114
020 _a8186838805
_c65.00
035 _aB-344102-114
035 _aB-357828
037 _bShobhagya
037 _bTarun Books (vendor)
040 _aDPL
_bEnglish
082 _2S
100 _aRao, Sandhya
245 _aSweet and salty :
_cby Sandhya Rao; illustrated by Srividya Natarajan
_ba folktale from Andhra Pradesh /
260 _aChennai
_bTulika Publishers
_c2007 (repr.)
270 _a13 Prithvi Avenue, Abhiramapuram
_bChennai
_e600 018
_mtulikabooks@vsnl.com
300 _aunpaged:
_bill.
_c18cm. (pbk)
650 _aStories
700 _aNatrajan, Srividya
942 _2ddc
_cCH
_hS
_mRAO
999 _c21912
_d21912